BSOP header

David Livingstone : (Record no. 48680)

MARC details
000 -LEADER
fixed length control field 00930nam a2200301 a 4500
001 - CONTROL NUMBER
control field 1603911
005 - DATE AND TIME OF LATEST TRANSACTION
control field 20191030144749.0
008 - FIXED-LENGTH DATA ELEMENTS--GENERAL INFORMATION
fixed length control field 940421s1993 enkabc b 000 0beng d
010 ## - LIBRARY OF CONGRESS CONTROL NUMBER
LC control number 94149234
020 ## - INTERNATIONAL STANDARD BOOK NUMBER
International Standard Book Number 0854763872
035 ## - SYSTEM CONTROL NUMBER
System control number (OCoLC)29399646
040 ## - CATALOGING SOURCE
Original cataloging agency UkLW
Transcribing agency UkLW
Modifying agency Uk
-- DLC
042 ## - AUTHENTICATION CODE
Authentication code lccopycat
043 ## - GEOGRAPHIC AREA CODE
Geographic area code fs-----
100 1# - MAIN ENTRY--PERSONAL NAME
Personal name Mackenzie, Rob.
245 10 - TITLE STATEMENT
Title David Livingstone :
Remainder of title the truth behind the legend /
Statement of responsibility, etc Rob Mackenzie.
260 ## - PUBLICATION, DISTRIBUTION, ETC. (IMPRINT)
Place of publication, distribution, etc Eastbourne :
Name of publisher, distributor, etc Kingsway Publications,
Date of publication, distribution, etc 1993.
300 ## - PHYSICAL DESCRIPTION
Extent 423 p. :
Other physical details ill., maps, ports. ;
Dimensions 20 cm.
336 ## - CONTENT TYPE
Content Type Term text
337 ## - MEDIA TYPE
Media Type Term unmediated
338 ## - CARRIER TYPE
Carrier Type Term volume
504 ## - BIBLIOGRAPHY, ETC. NOTE
Bibliography, etc Includes bibliographical references.
600 10 - SUBJECT ADDED ENTRY--PERSONAL NAME
Personal name Livingstone, David,
Dates associated with a name 1813-1873.
650 #0 - SUBJECT ADDED ENTRY--TOPICAL TERM
Topical term or geographic name as entry element Explorers
Geographic subdivision Africa, Southern
General subdivision Biography.
650 #0 - SUBJECT ADDED ENTRY--TOPICAL TERM
Topical term or geographic name as entry element Explorers
Geographic subdivision Scotland
General subdivision Biography.
650 #0 - SUBJECT ADDED ENTRY--TOPICAL TERM
Topical term or geographic name as entry element Missionaries, Medical
Geographic subdivision Africa, Southern
General subdivision Biography.
942 ## - ADDED ENTRY ELEMENTS (KOHA)
Source of classification or shelving scheme Library of Congress Classification
Item type Books
Holdings
Withdrawn status Lost status Source of classification or shelving scheme Damaged status Not for loan Home library Current library Shelving location Date acquired Source of acquisition Inventory number Total Checkouts Full call number Barcode Date last seen Price effective from Koha item type
    Library of Congress Classification     BSOP Library BSOP Library GC 10/30/2019 Hilfe Fur Bruder 15170   DT1110 L67ma 00021304 10/30/2019 10/30/2019 Books
BSOP

Biblical Seminary of the Philippines
  All rights Reserved
  © 2024

CONTACT INFORMATION

Biblical Seminary of the Philippines,
  77-B Karuhatan Road, Valenzuela City,
  PHILIPPINES 1441
  Phone: +632 8292-6795 / 8292-6798
  Fax : +632 8292-6675
  Email: library@bsop.edu.ph